| 000 | 01130cam a2200349 a 4500 | ||
|---|---|---|---|
| 001 | 15477038 | ||
| 003 | OSt | ||
| 005 | 20180116183053.0 | ||
| 008 | 081006s2008 pk a b 001 0 eng | ||
| 010 | _a 2008344447 | ||
| 020 | _a9780975586051 | ||
| 025 | _aP-E-2008344447; 20 | ||
| 040 |
_aDLC _cDLC |
||
| 042 |
_alcode _apcc |
||
| 043 | _aa-pk--- | ||
| 050 | 0 | 0 |
_aQC16.S26 _bS255 2008 |
| 082 | _a509 DIL 2008 | ||
| 100 | _aDil,Anwar | ||
| 245 | 0 | 0 |
_aScience for peace and progress : _blife and work of Abdus Salam / _ccompiled, edited, introduced by Anwar Dil. |
| 250 | _a1st ed. | ||
| 260 |
_aSan Diego Ca : Islamabad _bIntercultural Forum Takshila Research University, _c2008. |
||
| 300 |
_a668 p. : _bill. ; HB. _c25 cm. |
||
| 440 | _aScience for peace and progress : | ||
| 504 | _aIncludes bibliographical references and index. | ||
| 600 | 1 | 0 |
_aAbdus, Salam, _d1926-1996. |
| 650 | 0 |
_aPhysicists _zPakistan _vBiography. |
|
| 700 | 1 | _aDil, Anwar S. | |
| 710 | 2 | _aTakshila Research University. | |
| 906 |
_a7 _bcbc _corigode _d3 _encip _f20 _gy-gencatlg |
||
| 942 |
_2ddc _cBK |
||
| 999 |
_c351710 _d351710 |
||